Algebra para escuelas secundarias : tomo 2, matemática deductiva /

Guardado en:
Autor Principal: Varsavsky, Oscar
Formato: Libro
Publicado: Buenos Aires : Eudeba, 1966
Edición:4a. ed.
Materias:
Etiquetas: Agregar Etiqueta
Sin Etiquetas, Sea el primero en etiquetar este registro!
LEADER 00670nam a22002055a 4500
001 CEM.cems006450
005 20060214000000.0
008 130507s1966##################000#0#####d
003 CEMS
082 0 4 |a 512 
100 1 |a Varsavsky, Oscar 
245 1 0 |a Algebra para escuelas secundarias :  |b tomo 2, matemática deductiva / 
250 |a 4a. ed. 
260 |a Buenos Aires :  |b Eudeba,  |c 1966 
300 |a 187 p. 
505 0 |a Espacios vectoriales; Transformaciónes lineales; Producto interno 
653 |a Algebra 
653 |a Matematica 
859 |a CEMS  |b BIB. CEMS - 11 de abril  |h 512  |i V44a4/II  |p 13902.86  |t Ej.2 
859 |a CEMS  |b BIB. CEMS - 11 de abril  |h 512  |i V44a4/II  |p 5319.76  |t Ej.1